Дело о принятии Коркулевской земской начальной школы в Стрельне под августейшее покровительство Его Императорского Высочества ве...

RUSMARC
00005611cbc2a2200241#x 450
0012674e89d-86ac-4979-8ed0-893d3b8a2c02
00520241223113123.0
100##$a20200320l19111912k l0rusy0189 ca
1010#$arus
102##$aRU
105##$ay###
1222#$ad19110531##
$ad19120530##
2001#$aДело о принятии Коркулевской земской начальной школы в Стрельне под августейшее покровительство Его Императорского Высочества великого князя Николая Михайловича
$j31 мая 1911 г. - 30 мая 1912 г.
215##$a11 листов
$d36,5х26 см
251##$cДело
300##$aМашинописный текст, с рукописными пометами. Рукописный текст. Чернила
371##$aДокумент не является опубликованным и широко распространяемым
461#0$1001a74412a3-3cc5-4d21-8f0a-dfe2fbd9e72d
$12001
$aДепартамент народного просвещения Министерства народного просвещения
$1251
$cФонд
$1852
$j733
462#0$1001517877e8-43f4-46e7-ad4b-d876aad86188
$12001
$a1911 г.
$vД. 209
$1251
$cОпись
$1852
$j178
801#0$aRU
$bРГИА
$c20200320
801#1$aRU
$bГлавНИВЦ
$c20200320
$2rusmarc
801#2$aRU
$bПБ им. Б.Н. Ельцина
$c20201016
$gRCR
$2rusmarc
850##$aФедеральное казенное учреждение "Российский государственный исторический архив"
852##$aРГИА
$j209
937##$hРГИА
$d12339776
$aASBIBLIO_SCAN
035##$aRusGRCC00002939
856##$uhttp://readingroom.main.prlib.ru/item.aspx?id_node=n148755081&mode=full
605##$2acquisition_Prlib
$3LIBNET\UAF\0000008152
$aДом Романовых
$lколлекция
605##$2acquisition_Prlib
$3DITM\AF\0000002775
$aВласть
$lколлекция
600#0$2prlib_sh
$3DITM\AF\0000001665
$aНиколай Михайлович
$cвеликий князь
$f1859–1919
$jАрхивные дела
602##$2nlr_sh
$3RU\NLR\AUTH\661238026
$aРомановы (семья)
$jАрхивные дела
6061#$2nlr_sh
$3RU\NLR\AUTH\6601566188
$aСреднее образование
$jАрхивные дела
$xИстория
$yСтрельна, поселок городского типа (Санкт-Петербург, город)
686##$2rubbk
$a63.3(2)53-8ю1
$vLBC/M
686##$2rubbk
$a63.214(2)ю1
$vLBC/M
686##$2rubbk
$a74.03(2-2СПб)5ю1
$vLBC/M
Формат отображения